000 00321nam a22001337a 4500
008 181102b xxu||||| |||| 00| 0 eng d
020 _a0070718695
041 _aeng
080 _a371
100 _a46
101 _aEDU
245 _aManaging Instructional Problems: A Case Study Workbook
_cWorrell, J
942 _2udc
_cBK
999 _c51687
_d51687